000 01298nam a2200325 i 4500
001 49680
003 KOSZ 005
005 20220428135736.0
008 110411s2001 pl a |000 0 pol
020 _a8391487105
040 _cKOSZ 005
_aKOSZ 005
_dKOSZ 005/HR
041 _apol
044 _aPOL
046 _k2001
080 _a657.6
080 _a(06)
245 0 _aNowoczesne instrumenty finansowo-rachunkowe w zarządzaniu organizacją gospodarczą :
_bmateriały na konferencję naukową /
_cPolitechnika Koszalińska Wydział Ekonomii i Zarządzania, Polskie Towarzystwo Ekonomiczne Zarząd Krajowy i Oddział w Koszalinie.
260 _aKoszalin :
_bWydawnictwo Politechniki Koszalińskiej,
_c2001.
300 _a153 s. :
_btabl.,rys. ;
_c24 cm.
380 _aKsiążki
388 _a2001-
504 _aBibliogr. przy ref.
650 4 _aRachunkowość zarządcza
655 _aMateriały konferencyjne
658 _aGospodarka, ekonomia, finanse
710 2 _aWydawnictwo Uczelniane (Politechnika Koszalińska)
856 _uhttp://koha.tu.koszalin.pl/cgi-bin/koha/opac-detail.pl?biblionumber=49680
_yKatalog online BPK
856 _uhttp://dlibra.tu.koszalin.pl/dlibra/docmetadata?id=1409&from=latest
_yBiblioteka Cyfrowa
942 _cKS
_2UKD
999 _c49680
_d49680